01924cam a22003015i 4500999001700000001001000017003000900027005001700036008004100053020002500094040004500119082001900164100003200183245009600215264005800311264001000369300004600379336002600425337002800451338002700479504005100506520081400557650002901371650003101400653002501431942001201456952015401468 c28027d27998018298838EG-ScBUE20200210111804.0170404t20172017enka f b 001 0 eng d a9781786342812 (pbk.) aStDuBDSbengerdacStDuBDSdUkdEG-ScBUE04a006.7bPRA2221 aPrasad, Sylvie E.,eauthor.10aCreative mobile media :ba complete course /cSylvie Prasad, University of East London, UK. 1aLondon :bWorld Scientific Publishing Europe,c[2017] 4cc2017 axxii, 260 pages :billustrations ;c23 cm atextbtxt2rdacontent aunmediatedbn2rdamedia avolumebnc2rdacarrier aIncludes bibliographical references and index. a'Creative Mobile Media' provides a guide to the creation, production, and display of media with mobile technology at its heart. Split into two parts, the first gives a practical how-to guide on producing and exhibiting different forms of mobile art including photographs and films. From taking the perfect selfie to creating a short film, there is advice on how to produce, sell and market the products created on your phone. Also included are exercises designed to build technical skills and improve creative thinking, meaning you are able to practice the creation of media and engage with a global community through new digital technologies. The second part uses case studies to look at the effect of these new digital technologies within areas such as journalism, advocacy, ethics and social participation. 7aMobile computing.2BUEsh 7aMultimedia systems.2BUEsh bCOMAMEcFebruary2020 2ddccBB 00102ddc40708BaccahaMAINbMAINcLOWd2020-02-10ePurchaseg1377.00h34025l0o006.7 PRAp000046721r2025-07-15 00:00:00v1721.25w2020-02-10yBB